000 00579nam a2200193 i 4500
001 102660
003 ES-MaACL
005 20240426063030.0
007 t|
008 051124s1975 pr ||||1| spa d
020 _a84-399-4712-7
080 _a821.134.2(729.5)-14"19"
100 0 _aMatos Paoli, Francisco,
_d1915-2000
_979096
245 1 0 _aUnción de la tierra /
_cFrancisco Matos Paoli.
260 _aSan Juan, Puerto Rico :
_bJuan Ponce de León,
_c1975.
300 _a146 p. ;
_c21 cm.
852 _aES-MaACL
_jE-11109
_bR.136838
999 _c102660
_d102660